Представление документа в формате RUSMARC

ПолеНазваниеЗначение
  Тип записи a
  Библиографический уровень a
001 Контрольный номер 7102845a2ed34aba91e18f78931c5967
005 Дата корректировки 20241017110747.3
100 Данные общей обработки __
a Данные общей обработки 20241017 ||| 0rusy0189 ca
101 Язык документа 0_
a Язык текста rus
102 Страна публикации __
a Страна публикации RU
200 Заглавие и сведения об ответственности 1_
a Заглавие Оранжевое настроение
e Сведения, относящиеся к заглавию [рецепт тыквенного пирога]
461 Уровень набора _0
1 2000
a Маруся
463 Уровень физической единицы _0
1 2000
a № 10 (378)
v С. 50-51 : фот.
1 2101
d 2024
1 001321039705e594ae19ccb344d7e2fcfcb
606 Тематические рубрики 0_
a Основная рубрика Приготовление отдельных блюд
610 Ключевые слова 0_
a Ключевые слова рецепты пирогов, блюда из тыквы, выпечка из тыквы, тыквенный пирог (рецепт), тыква, осенние блюда, сладкие пироги, осенние рецепты, сладкая выпечка, десерты из тыквы, тыквенные десерты
686 Индексы других классификаций __
a Классификационный индекс 36.991
801 Источник записи _0
a Страна RU
b Организация УОБДЮ
c Дата составления 20241017
g Правила каталогизации RCR
801 Источник записи _1
a Страна RU
b Организация УОБДЮ
c Дата составления 20241017
g Правила каталогизации RCR
901 Тип документа __
t Тип документа b
w Контрольный № источника 321039705e594ae19ccb344d7e2fcfcb
905 Данные по созданию БЗ __
b Логин пользователя, который создал БЗ ibo10